1666 1633 1585 1409 1271 1131 1487 1810 1959 1204 1073 1857 1644 1972 1090 1157 1865 1750 1189 1156 1523 1104 1614 1007 1037 1947 1302 1995 1325 1410 1023 1172 1357 1338 1080 1006 1783 1613 1024 1970 1833 1172 1719 1081 1132 1460 1058 1044 1554 1962 1878 1236 1078 1057 1469 1164 1943 1437 1503 1706 1009 1791 1798 1483 1219 1986 1413 1758 1070 1595 1841 1842 1094 1445 1797 1232 1317 1874 1859 1466 1802 1174 1673 1708 1746 1282 1061 1371 1402 1753 1968 1005 1007 1399 1236 1944 1317 1253 1049 BCNSPRNW ULIB Ver.6.0+V

เปลี่ยนเป็นภาษาไทย

Change to English
 แสดงรายละเอียดบรรณานุกรม
  กลับหน้าหลัก

Brief Record : Get Marc (ISO 2709) : E-mail record : QR code < ปิดหน้าต่าง
LEADER : 00000nam 2200000uu 4500
001    13399121353
003     ULIB
008    110627s2545||||th 000 0 tha d
020    9742949018
099    วจ.WT120^bช615ร
100 0  ชุติกาญจน์ ฉัตรรุ่งเรือง
245 00 ภาวะสุขภาพและพฤติกรรมส่งเสริมสุขภาพของผู้สูงอายุในชุมชน/^cชุติกาญจน์ ฉัตรรุ่งเรือง,นพนันท์ สิงห์ลาว
260    สุพรรณบุรี :^bวิทยาลัยพยาบาล บรมราชชนนี สุพรรณบุรี,^c2545
300    88 หน้า
650  7 การส่งเสริมสุขภาพผู้สูงอายุ^xวิจัย
650  7 ผู้สูงอายุ^xสุขภาพ^xวิจัย
700 0  นพนันท์ สิงห์ลาว
945    ^p0^l0^i033090
995    ทศพร
999 ^a ใช้งานได้ทุกระบบ
รายการนี้ยังไม่มีแท็ก
คุณยังไม่ได้ล็อกอิน คุณสามารถมีกิจกรรมร่วมกับเว็บไซต์ได้ แต่ต้องล็อกอินก่อน ::
  ล็อกอิน

รายการสื่อสารสนเทศ

ลำดับที่ ประเภท เลขเรียก/บาร์โค้ด สถานที่ สถานะ
1. งานวิจัย
งานวิจัย
วจ.WT120 ช615ร ฉ.1 
  Barcode: 033090
ห้องสมุดวิทยาเขตสวรรค์ประชารักษ์
►วิจัย
บนชั้น

รายการใกล้เคียง
    ผู้แต่ง [ชุติกาญจน์ ฉัตรรุ่งเรือง]

BibComment


ยังไม่เคยถูกคอมเมนท์

คอมเมนท์ทรัพยากรรายการนี้
  คอมเมนท์: ภาวะสุขภาพและพฤติ..


 Copyright 2026. Bcnsprnw @Library